| 000 | 00328nam a2200121Ia 4500 | ||
|---|---|---|---|
| 008 | 221224s9999||||xx |||||||||||||| ||und|| | ||
| 082 | _a242 | ||
| 245 | 0 | _aSrimad Bhagavatam: Mool Matram; Skandha: 1st To 12th | |
| 250 | _a1st Edition | ||
| 260 |
_aVaranasi _bChaukhambha Sanskrit Sansthan&c1987 |
||
| 300 | _a858 | ||
| 942 | _cVB | ||
| 999 |
_c38660 _d38660 |
||